[Event "EU-chT (Men) 10th"]
[Site "Debrecen"]
[Date "1992.11.??"]
[Round "5.3"]
[White "Gdanski, Jacek"]
[Black "Adorjan, Andras"]
[Result "0-1"]
[WhiteElo "2435"]
[BlackElo "2535"]
[PlyCount "62"]
[EventDate "1992.11.20"]
[EventType "swiss ()"]
[EventRounds "9"]
[EventCountry "HUN"]
[Source "ChessBase"]
[SourceDate "1999.07.01"]
[WhiteTeam "Poland"]
[BlackTeam "Hungary"]
[WhiteTeamCountry "POL"]
[BlackTeamCountry "HUN"]

1. e4 c5 2. Nf3 e6 3. d4 cxd4 4. Nxd4 Nf6 5. Nc3 d6 6. g4 h6 7. Bg2 Nc6 8. h3
a6 9. Be3 Ne5 10. Qe2 g5 11. O-O-O Qc7 12. f4 gxf4 13. Bxf4 b5 14. Nb1 Bb7 15.
Nd2 Rc8 16. Bg3 Be7 17. Kb1 Nfd7 $10 18. Rhf1 h5 19. gxh5 Nf6 20. N2f3 Nc4 21.
Ng5 Nxb2 22. Kxb2 Qc3+ 23. Kb1 Qxg3 24. h4 Rc4 25. Rd3 Qxh4 26. Ndf3 Qxh5 27.
e5 Nd5 28. Rh1 Qxh1+ 29. Bxh1 Rxh1+ 30. Ne1 Bxg5 31. c3 Nf4 0-1

[Event "EU-chT (Men) 10th"]
[Site "Debrecen"]
[Date "1992.11.??"]
[Round "7.3"]
[White "Adorjan, Andras"]
[Black "Kurajica, Bojan"]
[Result "1/2-1/2"]
[WhiteElo "2535"]
[BlackElo "2585"]
[PlyCount "27"]
[EventDate "1992.11.20"]
[EventType "swiss ()"]
[EventRounds "9"]
[EventCountry "HUN"]
[Source "ChessBase"]
[SourceDate "1999.07.01"]
[WhiteTeam "Hungary"]
[BlackTeam "Bosna&Herzegovina"]
[WhiteTeamCountry "HUN"]
[BlackTeamCountry "BIH"]

1. d4 Nf6 2. Nf3 e6 3. c4 b6 4. g3 Ba6 5. Nbd2 d5 6. Bg2 Be7 7. O-O O-O 8. b3
c5 9. Bb2 Nbd7 10. Rc1 Rc8 11. Re1 Bb7 12. Rc2 dxc4 13. Nxc4 b5 14. Ncd2
1/2-1/2

[Event "EU-chT (Men) 10th"]
[Site "Debrecen"]
[Date "1992.11.??"]
[Round "8.3"]
[White "Kramnik, Vladimir"]
[Black "Adorjan, Andras"]
[Result "1-0"]
[WhiteElo "2590"]
[BlackElo "2535"]
[Annotator "Bulletin"]
[PlyCount "89"]
[EventDate "1992.11.20"]
[EventType "swiss ()"]
[EventRounds "9"]
[EventCountry "HUN"]
[Source "ChessBase"]
[SourceDate "1999.07.01"]
[WhiteTeam "Russia"]
[BlackTeam "Hungary"]
[WhiteTeamCountry "RUS"]
[BlackTeamCountry "HUN"]

1. d4 Nf6 2. c4 g6 3. Nc3 d5 4. cxd5 Nxd5 5. e4 Nxc3 6. bxc3 Bg7 7. Bb5+ c6 8.
Ba4 b5 9. Bb3 b4 (9... O-O) 10. Qf3 $1 O-O (10... e6) 11. Ne2 e5 $6 (11... Ba6
$5 12. e5 (12. cxb4 $2 Bxd4 $1 (12... Bxe2 $2 13. Kxe2 $1 Qxd4 14. Rb1 $16) 13.
Rb1 (13. Nxd4 Qxd4 14. Rb1 Nd7 $1 $17) 13... Bg7 $1 {/\} 14. O-O $2 Qd3 $19)) (
11... Na6 $5 12. e5 $1 Rb8 13. Bf4 {Ruban}) 12. O-O $1 exd4 (12... Nd7 13. Rd1
$16) (12... bxc3 13. d5 Ba6 14. Rd1 $16) 13. cxd4 Ba6 14. Rd1 $16 Nd7 15. a3 $5
(15. Be3 {/\ e5} Qf6 16. Nf4 $16) 15... c5 $8 (15... Rb8 $145 16. Nf4 $1 {
Adorjan}) 16. axb4 Bxe2 17. Qxe2 cxd4 18. Bd5 (18. Bb2 Qb6 19. Bd5 (19. Ra6 $2
Qxb4 {/\} 20. Bd5 $2 d3 21. Rxd3 Qxb2 22. Qxb2 Bxb2 23. Bxa8 Nc5 $19) 19...
Rac8 20. Ra6 Qb8 21. Bxd4 Qxb4 22. Bxg7 Kxg7 23. Rxa7 Nf6 $14) 18... d3 19.
Rxd3 Bxa1 20. Bxa8 Qe7 $6 (20... Qc7 21. Qd1 {/\} Ne5 22. Bf4) (20... Qxa8 21.
Rxd7 Bg7 $16) 21. Bd5 Nf6 22. Bc6 Qc7 23. b5 a6 24. Rd1 (24. Ba3 Rc8 {/\} 25.
Bd6 $2 Qb6) 24... axb5 25. Bxb5 Bd4 (25... Be5 $142) 26. Bh6 Rd8 27. e5 $1 Ne4
$8 (27... Nh5 28. e6 $18) (27... Bxf2+ 28. Kxf2 Qc5+ (28... Rxd1 29. Qxd1 Qc5+
30. Be3 Ne4+ 31. Kf3 $18) 29. Be3 Ne4+ 30. Kf3 $18) 28. Qxe4 Bxf2+ 29. Kxf2
Rxd1 30. Bc4 (30. e6 $5) 30... Qe7 31. e6 $2 (31. h4 $18) 31... Qf6+ 32. Kg3
fxe6 (32... Qc3+ 33. Be3 $18) 33. Bxe6+ Kh8 34. Bf4 $2 (34. h4 $16) 34... h5 $1
(34... Qc3+ 35. Kg4 h5+ 36. Kg5 $18) 35. Bc4 Kh7 (35... Qc3+ 36. Kf2 Qb2+ 37.
Be2) 36. Kh3 Rd8 37. g3 Qg7 $14 38. Bb5 Qf7 39. Bc4 Qd7+ 40. Kg2 Re8 41. Qf3
Rc8 42. Bd3 Rc5 43. Be3 Ra5 44. Bf2 Re5 $4 (44... Qd5 45. Be4 Qe6 $14) 45. Qf6
$1 (45. Qf6 Re6 (45... Qd5+ 46. Kg1 Rg5 47. Bd4 $18) 46. Bxg6+ Kg8 (46... Kh6
47. Be3+ $18) 47. Qg5 $1 Qg7 (47... Qc6+ 48. Be4+) 48. Qd8+ $18) 1-0

[Event "HUN-ch"]
[Site "Hungary"]
[Date "1992.??.??"]
[Round "2"]
[White "Groszpeter, Attila"]
[Black "Adorjan, Andras"]
[Result "0-1"]
[WhiteElo "2520"]
[BlackElo "2550"]
[Annotator "Ftacnik,L"]
[PlyCount "54"]
[EventDate "1992.12.??"]
[EventType "tourn"]
[EventRounds "11"]
[EventCountry "HUN"]
[EventCategory "11"]
[Source "ChessBase"]
[SourceDate "1993.06.01"]
[WhiteTeamCountry "RUS"]
[BlackTeamCountry "HUN"]

1. d4 Nf6 2. c4 g6 3. Nc3 d5 4. cxd5 Nxd5 5. e4 Nxc3 6. bxc3 Bg7 7. Bb5+ c6 8.
Ba4 b5 9. Bb3 b4 10. Qf3 O-O 11. Ne2 bxc3 $5 (11... e5 12. O-O exd4 13. cxd4
Ba6 14. Rd1 Nd7 15. a3 c5 16. axb4 Bxe2 17. Qxe2 cxd4 18. Bd5 $16 {
Kramnik,V-Adorjan,A/Debrecen ETCh/1992/}) 12. O-O (12. h4 $5 c5 (12... h5 13.
Nf4) 13. h5 cxd4 14. hxg6 e6 15. Qh5 $1 fxg6 16. Qxh7+ Kf7 17. Bh6 Qf6 18. Bxg7
Qxg7 19. Nxd4 Re8 20. O-O-O $16 {Groszpeter,A-Horvath,C/HUN-ch/1992/}) 12...
Ba6 13. Rd1 (13. e5 Nd7 14. Rd1 c5 15. Be3 Qc7 16. Nxc3 cxd4 17. Nd5 Nxe5 18.
Qe4 (18. Nxc7 Nxf3+ 19. gxf3 dxe3 20. Rac1 e2 21. Re1 Rac8 22. Nxa6 Rxc1 23.
Rxc1 Bc3 $19) 18... Bb7 19. Bxd4 Rac8 $17) 13... c5 $1 14. dxc5 (14. Bd5 c2 $1
(14... cxd4 15. Nxd4 (15. Bxa8 d3 16. Bg5 c2) 15... Bxd4 16. Rxd4 Nc6 $5 17.
Qxc3 $1 (17. Bxf7+ $2 Rxf7 18. Rxd8+ Rxd8 19. Qg4 Ne5 $19) (17. Rd1 c2 18. Rd2
Qb6 19. Qb3 Rac8 20. Qxc2 (20. Rxc2 Nd4 21. Qxb6 axb6 22. Rxc8 Rxc8) 20... Nb4
21. Qd1 e6 22. Bb3 Rfd8 $36) 17... Nxd4 18. Qxd4 $44) 15. Rd2 cxd4 16. Nxd4
Bxd4 17. Bxa8 (17. Rxd4 e6 18. Bg5 Qb6 $19) 17... Bxa1 18. Rxd8 Rxd8 19. Bd5 e6
20. Bg5 exd5 21. Bxd8 c1=Q+) 14... Qa5 $1 15. e5 Nc6 $1 16. Qxc6 Bxe2 17. Re1
c2 $1 18. Rxe2 (18. Bf4 Bd1 19. Raxd1 cxd1=Q 20. Rxd1 Rac8 $19) (18. Be3 Bd1 (
18... Bxe5 $2 19. Bxf7+ $1 Kg7 (19... Kxf7 20. Qd5+ Kf6 21. Bg5+) 20. Bb3 Bxa1
21. Rxe2 $40) 19. Raxd1 cxd1=Q 20. Rxd1 Bxe5 $17) 18... Qc3 19. f4 Rad8 $1 20.
Kf2 Qxa1 21. Rxc2 Rd1 22. Bd2 (22. Be3 Rf1+ 23. Kg3 g5 $1 $19) 22... Rd8 23.
Bc3 Rf1+ 24. Kg3 Rd3+ 25. Kh4 Rxf4+ 26. g4 Rxg4+ 27. Kxg4 Qd1+ (27... Qd1+ 28.
Kf4 Bh6+ 29. Ke4 Qf3#) 0-1

[Event "HUN-ch"]
[Site "Hungary"]
[Date "1992.??.??"]
[Round "3"]
[White "Adorjan, Andras"]
[Black "Horvath, Csaba"]
[Result "1/2-1/2"]
[WhiteElo "2550"]
[BlackElo "2515"]
[PlyCount "41"]
[EventDate "1992.12.??"]
[EventType "tourn"]
[EventRounds "11"]
[EventCountry "HUN"]
[EventCategory "11"]
[Source "ChessBase"]
[SourceDate "1993.06.01"]
[WhiteTeamCountry "RUS"]
[BlackTeamCountry "HUN"]

1. c4 g6 2. d4 Nf6 3. Nf3 Bg7 4. g3 O-O 5. Bg2 c6 6. O-O d5 7. Nbd2 a5 8. b3
Bf5 9. Bb2 a4 10. Nh4 Be6 11. Qc2 a3 12. Bc3 c5 13. Rad1 cxd4 14. Bxd4 Nc6 15.
Ndf3 Qa5 16. Bc3 Qc5 17. Ng5 Bg4 18. Bxd5 Nb4 19. Bxb4 Qxb4 20. Bf3 Rac8 21.
Bxg4 1/2-1/2

[Event "HUN-ch"]
[Site "Hungary"]
[Date "1992.??.??"]
[Round "6"]
[White "Kallai, Gabor"]
[Black "Adorjan, Andras"]
[Result "1/2-1/2"]
[WhiteElo "2455"]
[BlackElo "2550"]
[PlyCount "26"]
[EventDate "1992.12.??"]
[EventType "tourn"]
[EventRounds "11"]
[EventCountry "HUN"]
[EventCategory "11"]
[Source "ChessBase"]
[SourceDate "1993.06.01"]
[WhiteTeamCountry "RUS"]
[BlackTeamCountry "HUN"]

1. d4 Nf6 2. c4 g6 3. f3 d5 4. cxd5 Nxd5 5. e4 Nb6 6. Nc3 Bg7 7. Be3 O-O 8. Qd2
Nc6 9. O-O-O e5 10. d5 Nd4 11. Nb5 Nxb5 12. Bxb5 Bd7 13. Bd3 c6 1/2-1/2

[Event "HUN-ch"]
[Site "Hungary"]
[Date "1992.??.??"]
[Round "8"]
[White "Adorjan, Andras"]
[Black "Csom, Istvan"]
[Result "1/2-1/2"]
[WhiteElo "2550"]
[BlackElo "2540"]
[PlyCount "51"]
[EventDate "1992.12.??"]
[EventType "tourn"]
[EventRounds "11"]
[EventCountry "HUN"]
[EventCategory "11"]
[Source "ChessBase"]
[SourceDate "1993.06.01"]
[WhiteTeamCountry "RUS"]
[BlackTeamCountry "HUN"]

1. e4 c5 2. Nf3 d6 3. d4 cxd4 4. Nxd4 Nf6 5. Nc3 Nc6 6. Bg5 Bd7 7. Qd2 Rc8 8.
Bxf6 gxf6 9. Nf5 Qa5 10. Bb5 a6 11. Bxc6 Rxc6 12. O-O-O e6 13. Nd4 Rc8 14. Rhe1
Qh5 15. g3 Bh6 16. f4 O-O 17. Kb1 Bg7 18. g4 Qc5 19. Nb3 Qb6 20. f5 Bc6 21. Nd4
Rfe8 22. h4 Bd7 23. Nb3 Bc6 24. g5 fxg5 25. Qxg5 Qd8 26. Qh5 1/2-1/2

[Event "HUN-ch"]
[Site "Hungary"]
[Date "1992.??.??"]
[Round "9"]
[White "Chernin, Alexander"]
[Black "Adorjan, Andras"]
[Result "1/2-1/2"]
[WhiteElo "2600"]
[BlackElo "2550"]
[PlyCount "26"]
[EventDate "1992.12.??"]
[EventType "tourn"]
[EventRounds "11"]
[EventCountry "HUN"]
[EventCategory "11"]
[Source "ChessBase"]
[SourceDate "1993.06.01"]
[WhiteTeamCountry "RUS"]
[BlackTeamCountry "HUN"]

1. d4 Nf6 2. c4 e6 3. Nf3 b6 4. Nc3 Bb7 5. a3 d5 6. Qc2 dxc4 7. e4 c5 8. dxc5
Bxc5 9. Bxc4 Nbd7 10. O-O Rc8 11. Qe2 Qc7 12. Ba6 Bxa6 13. Qxa6 O-O 1/2-1/2

[Event "HUN-ch"]
[Site "Hungary"]
[Date "1992.??.??"]
[Round "10"]
[White "Adorjan, Andras"]
[Black "Farago, Ivan"]
[Result "1/2-1/2"]
[WhiteElo "2550"]
[BlackElo "2510"]
[PlyCount "23"]
[EventDate "1992.12.??"]
[EventType "tourn"]
[EventRounds "11"]
[EventCountry "HUN"]
[EventCategory "11"]
[Source "ChessBase"]
[SourceDate "1993.06.01"]
[WhiteTeamCountry "RUS"]
[BlackTeamCountry "HUN"]

1. Nf3 Nf6 2. c4 c5 3. Nc3 Nc6 4. d4 cxd4 5. Nxd4 e6 6. g3 Qb6 7. Ndb5 Ne5 8.
Bg2 a6 9. Qa4 Rb8 10. Be3 Bc5 11. Bxc5 Qxc5 12. Qa3 1/2-1/2

[Event "HUN-chT"]
[Site "Hungary"]
[Date "1993.??.??"]
[Round "?"]
[White "Adorjan, Andras"]
[Black "Deak, Sandor"]
[Result "1-0"]
[WhiteElo "2550"]
[BlackElo "2415"]
[PlyCount "57"]
[EventDate "1993.??.??"]
[EventType "team"]
[EventRounds "13"]
[EventCountry "HUN"]
[Source "ChessBase"]
[SourceDate "1994.03.01"]
[WhiteTeamCountry "RUS"]
[BlackTeamCountry "HUN"]

1. Nf3 c5 2. c4 Nc6 3. d4 cxd4 4. Nxd4 g6 5. e4 Nf6 6. Nc3 Nxd4 7. Qxd4 d6 8.
Bg5 Bg7 9. Qd2 O-O 10. Bd3 Be6 11. O-O Qa5 12. Rac1 Rfc8 13. b3 a6 14. a4 Rc5
15. Be3 Ng4 16. Bxc5 Qxc5 17. Kh1 Bd4 18. Nd1 Qe5 19. f4 Qh5 20. h3 Qh6 21. Be2
Ba7 22. Bxg4 Bxg4 23. Kh2 e5 24. Ne3 Bd7 25. c5 Bc6 26. Ng4 Qg7 27. cxd6 exf4
28. Qxf4 Rd8 29. Nh6+ 1-0

[Event "HUN-chT"]
[Site "Hungary"]
[Date "1993.??.??"]
[Round "?"]
[White "Adorjan, Andras"]
[Black "Farago, Ivan"]
[Result "1/2-1/2"]
[WhiteElo "2545"]
[BlackElo "2510"]
[PlyCount "66"]
[EventDate "1993.??.??"]
[EventType "team"]
[EventRounds "13"]
[EventCountry "HUN"]
[Source "ChessBase"]
[SourceDate "1994.03.01"]
[WhiteTeamCountry "RUS"]
[BlackTeamCountry "HUN"]

1. Nf3 d5 2. d4 e6 3. c4 Nf6 4. Nc3 c5 5. cxd5 Nxd5 6. e4 Nxc3 7. bxc3 cxd4 8.
cxd4 Nc6 9. Bc4 b5 10. Be2 Bb4+ 11. Bd2 Qa5 12. d5 exd5 13. exd5 Ne7 14. O-O
Bxd2 15. Nxd2 O-O 16. Nb3 Qd8 17. Bf3 Nf5 18. Qd3 Nd6 19. Nd4 Bd7 20. a4 a6 21.
Ne6 fxe6 22. dxe6 Rc8 23. Qxd6 Bc6 24. Qe5 Qe7 25. Bxc6 Rxc6 26. axb5 Qxe6 27.
Qxe6+ Rxe6 28. Rxa6 Re2 29. Ra7 Rb2 30. f3 Rf7 31. Rxf7 Kxf7 32. Rc1 Rxb5 33.
Rc7+ Kg6 1/2-1/2

[Event "HUN-chT"]
[Site "Hungary"]
[Date "1993.??.??"]
[Round "?"]
[White "Adorjan, Andras"]
[Black "Geller, Arpad"]
[Result "1-0"]
[WhiteElo "2545"]
[BlackElo "2290"]
[PlyCount "81"]
[EventDate "1993.??.??"]
[EventType "team"]
[EventRounds "13"]
[EventCountry "HUN"]
[Source "ChessBase"]
[SourceDate "1994.03.01"]
[WhiteTeamCountry "RUS"]
[BlackTeamCountry "HUN"]

1. Nf3 Nf6 2. d4 g6 3. c4 Bg7 4. g3 O-O 5. Bg2 c6 6. O-O d5 7. b3 a5 8. Nc3 Ne4
9. Bb2 Bf5 10. e3 Nd7 11. Qe2 Nxc3 12. Bxc3 Be4 13. Bh3 Bxf3 14. Qxf3 e6 15.
Qe2 Qb6 16. Rfd1 Rfd8 17. Rac1 Nf6 18. Rc2 Qa6 19. Bf1 b6 20. Rdc1 Qb7 21. Bb2
Ne8 22. Qf3 Nd6 23. Qf4 Bf8 24. a4 Ne4 25. Bd3 Bd6 26. Qf3 f5 27. Qe2 Bf8 28.
h4 Qd7 29. Kg2 Qd6 30. h5 g5 31. g4 Be7 32. cxd5 cxd5 33. gxf5 Nf6 34. e4 dxe4
35. Bc4 Kg7 36. Bxe6 Ra7 37. d5 Qf4 38. h6+ Kf8 39. Qe3 Qg4+ 40. Qg3 Qxg3+ 41.
fxg3 1-0

[Event "HUN-chT"]
[Site "Hungary"]
[Date "1993.??.??"]
[Round "?"]
[White "Adorjan, Andras"]
[Black "Groszpeter, Attila"]
[Result "1/2-1/2"]
[WhiteElo "2550"]
[BlackElo "2520"]
[PlyCount "62"]
[EventDate "1993.??.??"]
[EventType "team"]
[EventRounds "13"]
[EventCountry "HUN"]
[Source "ChessBase"]
[SourceDate "1994.03.01"]
[WhiteTeamCountry "RUS"]
[BlackTeamCountry "HUN"]

1. Nf3 Nf6 2. c4 g6 3. d4 Bg7 4. g3 d6 5. Bg2 O-O 6. O-O Nbd7 7. Nc3 e5 8. h3
c6 9. e4 Qa5 10. Re1 exd4 11. Nxd4 Ne5 12. Bf1 Re8 13. a3 Be6 14. b4 Qc7 15. f4
Nxc4 16. Nxe6 Rxe6 17. Bxc4 d5 18. e5 dxc4 19. exf6 Rxf6 20. Bb2 Rd6 21. Qc2
Rd3 22. Ne4 Bxb2 23. Qxb2 f5 24. Ng5 Rxg3+ 25. Kh1 h6 26. Qf6 hxg5 27. Re7
Rxh3+ 28. Kg2 Rh2+ 29. Kg1 Qb6+ 30. Kxh2 Qf2+ 31. Kh1 Qh4+ 1/2-1/2

[Event "HUN-chT"]
[Site "Hungary"]
[Date "1993.??.??"]
[Round "?"]
[White "Adorjan, Andras"]
[Black "Karolyi, Tibor Jr"]
[Result "0-1"]
[WhiteElo "2545"]
[BlackElo "2345"]
[PlyCount "70"]
[EventDate "1993.??.??"]
[EventType "team"]
[EventRounds "13"]
[EventCountry "HUN"]
[Source "ChessBase"]
[SourceDate "1994.03.01"]
[WhiteTeamCountry "RUS"]
[BlackTeamCountry "HUN"]

1. Nf3 c5 2. b3 d5 3. e3 Bf5 4. Bb5+ Nd7 5. O-O a6 6. Bxd7+ Qxd7 7. Ba3 e6 8.
d4 Qc7 9. c4 Nf6 10. Nbd2 cxd4 11. Bxf8 Kxf8 12. Nxd4 Bd3 13. Re1 dxc4 14. Nxc4
Bxc4 15. Rc1 Ke7 16. Rxc4 Qb6 17. g4 h6 18. Qf3 Rhc8 19. Rec1 Rxc4 20. Rxc4 Rd8
21. h4 g5 22. a3 Nd5 23. hxg5 hxg5 24. Qe4 Qa5 25. Qe5 Qxa3 26. Qxg5+ Kd7 27.
b4 Qa1+ 28. Kg2 Rh8 29. Kf3 Qd1+ 30. Ke4 Rg8 31. Qh6 Rxg4+ 32. f4 Rg6 33. Qh3
Nf6+ 34. Ke5 Ng4+ 35. Ke4 Nf2+ 0-1

[Event "HUN-chT"]
[Site "Hungary"]
[Date "1993.??.??"]
[Round "?"]
[White "Bauer, Tamas"]
[Black "Adorjan, Andras"]
[Result "1-0"]
[WhiteElo "2335"]
[BlackElo "2550"]
[PlyCount "72"]
[EventDate "1993.??.??"]
[EventType "team"]
[EventRounds "13"]
[EventCountry "HUN"]
[Source "ChessBase"]
[SourceDate "1994.03.01"]
[WhiteTeamCountry "RUS"]
[BlackTeamCountry "HUN"]

1. e4 c5 2. Nf3 e6 3. d4 cxd4 4. Nxd4 Nf6 5. Nc3 d6 6. g4 h6 7. h4 Nc6 8. Rg1
h5 9. gxh5 Nxh5 10. Bg5 Nf6 11. Qd2 Qb6 12. Nb3 a6 13. O-O-O Qc7 14. f4 b5 15.
a3 Bd7 16. Be2 Rc8 17. Kb1 b4 18. axb4 Nxb4 19. f5 e5 20. Rg2 Be7 21. h5 d5 22.
Bxf6 Bxf6 23. Nxd5 Nxd5 24. exd5 Bxf5 25. Bg4 Qxc2+ 26. Qxc2 Rxc2 27. Rxc2 Bxg4
28. Rf1 Rxh5 29. Rc7 e4 30. d6 Rb5 31. Nc5 e3 32. Rf4 Be6 33. Re4 Rxb2+ 34. Kc1
Rb6 35. d7+ Ke7 36. Rc8 Rd6 1-0

[Event "HUN-chT"]
[Site "Hungary"]
[Date "1993.??.??"]
[Round "?"]
[White "Horvath, Jozsef"]
[Black "Adorjan, Andras"]
[Result "1-0"]
[WhiteElo "2535"]
[BlackElo "2545"]
[PlyCount "65"]
[EventDate "1993.??.??"]
[EventType "team"]
[EventRounds "13"]
[EventCountry "HUN"]
[Source "ChessBase"]
[SourceDate "1994.03.01"]
[WhiteTeamCountry "RUS"]
[BlackTeamCountry "HUN"]

1. d4 Nf6 2. c4 e6 3. g3 c5 4. Nf3 cxd4 5. Nxd4 Bb4+ 6. Bd2 Be7 7. Bg2 Nc6 8.
Bc3 O-O 9. O-O Qc7 10. Nd2 d6 11. Rc1 Bd7 12. Nb5 Qb8 13. Bxf6 Bxf6 14. Ne4
Bxb2 15. Rb1 Be5 16. Nbxd6 b6 17. Nc5 Qxd6 18. Nxd7 Rfc8 19. e3 f6 20. Rb5 Qe7
21. c5 Rc7 22. Nxe5 fxe5 23. cxb6 axb6 24. Rxb6 Rac8 25. Be4 h6 26. Qh5 Qc5 27.
Rfb1 Qc4 28. Bxc6 Rxc6 29. Rxc6 Rxc6 30. Rb7 Rc7 31. Rxc7 Qxc7 32. Qe8+ Kh7 33.
Qxe6 1-0

[Event "HUN-chT"]
[Site "Hungary"]
[Date "1993.??.??"]
[Round "?"]
[White "Skomorokhin, Roman"]
[Black "Adorjan, Andras"]
[Result "0-1"]
[WhiteElo "2445"]
[BlackElo "2545"]
[PlyCount "80"]
[EventDate "1993.??.??"]
[EventType "team"]
[EventRounds "13"]
[EventCountry "HUN"]
[Source "ChessBase"]
[SourceDate "1994.03.01"]
[WhiteTeamCountry "RUS"]
[BlackTeamCountry "HUN"]

1. d4 Nf6 2. c4 g6 3. Nf3 Bg7 4. g3 c5 5. Bg2 Nc6 6. O-O O-O 7. Nc3 cxd4 8.
Nxd4 Ng4 9. e3 d6 10. Nde2 Qa5 11. Nd5 Qc5 12. Qa4 e6 13. Ndf4 Nce5 14. b3 Bd7
15. Qa3 Bc6 16. Qxc5 dxc5 17. Bxc6 Nxc6 18. Rb1 Rfd8 19. f3 Nge5 20. e4 b6 21.
h4 Rd7 22. a3 a5 23. Nc3 Nxc4 24. bxc4 Bxc3 25. Rxb6 Bd4+ 26. Kg2 Ne5 27. Rd1
Nxc4 28. Rb5 Rdd8 29. Ne2 e5 30. a4 Rab8 31. Nxd4 cxd4 32. Bh6 Rxb5 33. axb5 f6
34. Kf2 Kf7 35. Rc1 Rc8 36. Bd2 a4 37. Ke2 Ke6 38. Bb4 f5 39. Ra1 Nb2 40. b6
Rc2+ 0-1

[Event "HUN-chT 9394"]
[Site "Hungary"]
[Date "1994.??.??"]
[Round "?"]
[White "Adorjan, Andras"]
[Black "Almasi, Istvan"]
[Result "0-1"]
[WhiteElo "2565"]
[BlackElo "2370"]
[PlyCount "50"]
[EventDate "1993.??.??"]
[EventType "team"]
[EventRounds "13"]
[EventCountry "HUN"]
[Source "ChessBase"]
[SourceDate "1994.03.01"]
[WhiteTeamCountry "RUS"]
[BlackTeamCountry "HUN"]

1. d4 d5 2. c4 c6 3. Nc3 Nf6 4. Nf3 dxc4 5. Ne5 b5 6. g3 e6 7. Bg2 Nd5 8. O-O
Be7 9. a4 b4 10. Ne4 Ba6 11. Nc5 Bxc5 12. dxc5 O-O 13. Qd4 c3 14. bxc3 Nxc3 15.
Qxb4 Nxe2+ 16. Kh1 Nxg3+ 17. hxg3 Bxf1 18. Bxf1 Qd5+ 19. Kg1 Qxe5 20. Bb2 Qc7
21. Rd1 Nd7 22. Qg4 Ne5 23. Qf4 f6 24. Bh3 Rad8 25. Bxe6+ Kh8 0-1

[Event "HUN-chT 9394"]
[Site "Hungary"]
[Date "1994.??.??"]
[Round "?"]
[White "Adorjan, Andras"]
[Black "Fogarasi, Tibor"]
[Result "1/2-1/2"]
[WhiteElo "2565"]
[BlackElo "2415"]
[PlyCount "28"]
[EventDate "1993.??.??"]
[EventType "team"]
[EventRounds "13"]
[EventCountry "HUN"]
[Source "ChessBase"]
[SourceDate "1994.03.01"]
[WhiteTeamCountry "RUS"]
[BlackTeamCountry "HUN"]

1. c4 Nf6 2. Nc3 g6 3. e4 d6 4. d4 Bg7 5. f3 O-O 6. Bg5 a6 7. Qd2 Nbd7 8. Nge2
c5 9. d5 b5 10. cxb5 Nb6 11. Ng3 Nfd7 12. Bh6 Bxh6 13. Qxh6 Ne5 14. Qc1 c4
1/2-1/2

[Event "HUN-chT 9394"]
[Site "Hungary"]
[Date "1994.??.??"]
[Round "?"]
[White "Adorjan, Andras"]
[Black "Groszpeter, Attila"]
[Result "1/2-1/2"]
[WhiteElo "2565"]
[BlackElo "2525"]
[PlyCount "75"]
[EventDate "1993.??.??"]
[EventType "team"]
[EventRounds "13"]
[EventCountry "HUN"]
[Source "ChessBase"]
[SourceDate "1994.03.01"]
[WhiteTeamCountry "RUS"]
[BlackTeamCountry "HUN"]

1. d4 Nf6 2. Nf3 g6 3. c4 Bg7 4. g3 O-O 5. Bg2 d6 6. O-O Nbd7 7. Nc3 e5 8. h3
c6 9. e4 Re8 10. Be3 exd4 11. Nxd4 Nc5 12. Qc2 Qe7 13. Rfe1 Bd7 14. Nb3 Be6 15.
Rad1 Bxc4 16. Nxc5 dxc5 17. Na4 Be6 18. Nxc5 Rad8 19. Rxd8 Rxd8 20. Qa4 a6 21.
Qb4 Ne8 22. Qxb7 Qxb7 23. Nxb7 Rb8 24. Nc5 Bxa2 25. b3 a5 26. Bf1 Bxb3 27. Rb1
a4 28. Nxa4 Be5 29. Nc5 Ba2 30. Rc1 Rb1 31. Rc2 Rb2 32. Rc1 Rb1 33. Rxb1 Bxb1
34. Bd3 Bxd3 35. Nxd3 Bc3 36. Kg2 Nd6 37. Nc5 f5 38. Kf3 1/2-1/2

[Event "HUN-chT 9394"]
[Site "Hungary"]
[Date "1994.??.??"]
[Round "?"]
[White "Adorjan, Andras"]
[Black "Horvath, Tamas"]
[Result "1/2-1/2"]
[WhiteElo "2565"]
[BlackElo "2475"]
[PlyCount "142"]
[EventDate "1993.??.??"]
[EventType "team"]
[EventRounds "13"]
[EventCountry "HUN"]
[Source "ChessBase"]
[SourceDate "1994.03.01"]
[WhiteTeamCountry "RUS"]
[BlackTeamCountry "HUN"]

1. Nf3 c5 2. c4 Nc6 3. d4 cxd4 4. Nxd4 Nf6 5. Nc3 d6 6. e4 e6 7. Be2 Be7 8. O-O
O-O 9. Be3 Bd7 10. Qd2 Nxd4 11. Bxd4 Bc6 12. f3 Qb8 13. b4 Rd8 14. a4 b6 15. a5
bxa5 16. b5 Bb7 17. Rxa5 Nd7 18. Rfa1 d5 19. exd5 exd5 20. Nxd5 Bxd5 21. cxd5
Nb6 22. Qa2 Rxd5 23. Rxa7 Rxd4 24. Rxa8 Nxa8 25. Qxa8 Qxa8 26. Rxa8+ Rd8 27.
Ra6 Bc5+ 28. Kf1 Rb8 29. Rc6 Bb6 30. h4 Kf8 31. h5 h6 32. Bc4 Ke7 33. Ke2 Bd8
34. g4 Rb6 35. Rc5 g6 36. Re5+ Kf6 37. Re8 Rd6 38. hxg6 fxg6 39. Rf8+ Kg5 40.
Bd3 Bb6 41. Be4 h5 42. gxh5 Kxh5 43. Rh8+ Kg5 44. Rh2 Kf6 45. Rg2 g5 46. Rh2
Ke5 47. Bd3 Kf6 48. Rh5 Bd8 49. Rh7 Ke5 50. Rg7 Kf4 51. Be4 Bf6 52. Rg8 Rd8 53.
Rg6 Rd6 54. Bc6 Kf5 55. Rg8 Rd8 56. Be4+ Kf4 57. Rg6 Rd6 58. Kf1 Rd1+ 59. Kg2
Rd2+ 60. Kh3 Rd6 61. Bc6 Be5 62. Rg8 Bd4 63. Re8 Rf6 64. Kg2 Rd6 65. Rf8+ Rf6
66. Re8 Rd6 67. Re4+ Kf5 68. Rg4 Be3 69. Rb4 Rd2+ 70. Kf1 Bb6 71. Ke1 Bc5
1/2-1/2

[Event "HUN-chT 9394"]
[Site "Hungary"]
[Date "1994.??.??"]
[Round "?"]
[White "Adorjan, Andras"]
[Black "Seres, Lajos"]
[Result "1/2-1/2"]
[WhiteElo "2565"]
[BlackElo "2360"]
[PlyCount "48"]
[EventDate "1993.??.??"]
[EventType "team"]
[EventRounds "13"]
[EventCountry "HUN"]
[Source "ChessBase"]
[SourceDate "1994.03.01"]
[WhiteTeamCountry "RUS"]
[BlackTeamCountry "HUN"]

1. d4 Nf6 2. Nf3 g6 3. c4 Bg7 4. g3 O-O 5. Bg2 d6 6. Nc3 Nbd7 7. O-O e5 8. h3
c6 9. e4 Qb6 10. c5 dxc5 11. dxe5 Ne8 12. e6 fxe6 13. Ng5 Nc7 14. f4 c4+ 15.
Kh2 Nc5 16. e5 Nd5 17. Nce4 Nxe4 18. Bxe4 Bh6 19. h4 Bd7 20. Qc2 Kg7 21. Qxc4
Bxg5 22. hxg5 c5 23. a4 Bc6 24. Rd1 Rad8 1/2-1/2

[Event "HUN-chT 9394"]
[Site "Hungary"]
[Date "1994.??.??"]
[Round "?"]
[White "Bilek, Istvan"]
[Black "Adorjan, Andras"]
[Result "1/2-1/2"]
[WhiteElo "2390"]
[BlackElo "2565"]
[PlyCount "33"]
[EventDate "1993.??.??"]
[EventType "team"]
[EventRounds "13"]
[EventCountry "HUN"]
[Source "ChessBase"]
[SourceDate "1994.03.01"]
[WhiteTeamCountry "RUS"]
[BlackTeamCountry "HUN"]

1. g3 e5 2. Bg2 Nf6 3. d3 c5 4. Bg5 d5 5. Bxf6 gxf6 6. Nc3 Be6 7. e4 d4 8. Nd5
Nc6 9. Ne2 f5 10. O-O Bg7 11. c4 dxc3 12. Nexc3 O-O 13. Qh5 Nd4 14. Ne3 f4 15.
Nf5 Qf6 16. Nxd4 cxd4 17. Nd5 1/2-1/2